000
nam a22 7a 4500
999
_c
44302
_d
44302
003
OSt
005
20180829113018.0
008
180829b xxu||||| |||| 00| 0 eng d
040
_c
IIMT
100
_a
ARZAE,ENRIQURE
245
_a
VALUATION FOR MERGERS BUYOUTS
260
_a
NEW DELHI
_b
TMH
_c
2005
300
_a
R11
942
_2
ddc
_c
02